000 00265nam a2200097Ia 4500
082 _aJ 751.73 MACL
245 0 _aMurals and graffiti
100 _a Maclay-Mayers, Jean Cape Town, 2009
_996754
942 _cBK
008 210817s9999 xx 000 0 und d
999 _c408112
_d408111